500 Biggest Cities in the West (U.S.) - Statistics

General Stats
  • This quiz has been taken 216 times
  • The average score is 144 of 500
Answer Stats
Population State Answer % Correct
3,898,747 CA Los Angeles
97%
1,608,139 AZ Phoenix
97%
873,965 CA San Francisco
97%
641,903 NV Las Vegas
96%
96,904 UT Sandy
96%
737,015 WA Seattle
96%
478,961 CO Colorado Springs
94%
715,522 CO Denver
94%
652,503 OR Portland
94%
1,386,932 CA San Diego
94%
1,013,240 CA San Jose
94%
564,559 NM Albuquerque
92%
235,684 ID Boise
90%
542,107 CA Fresno
90%
542,629 AZ Tucson
90%
350,964 HI Honolulu
89%
504,258 AZ Mesa
89%
199,723 UT Salt Lake City
89%
228,989 WA Spokane
89%
524,943 CA Sacramento
88%
291,247 AK Anchorage
87%
264,165 NV Reno
87%
403,455 CA Bakersfield
86%
314,998 CA Riverside
85%
176,654 OR Eugene
84%
87,505 NM Santa Fe
83%
317,610 NV Henderson
82%
440,646 CA Oakland
82%
175,535 OR Salem
82%
219,346 WA Tacoma
82%
466,742 CA Long Beach
81%
262,527 NV North Las Vegas
81%
386,261 CO Aurora
80%
95,558 CA Carson
80%
241,361 AZ Scottsdale
80%
248,325 AZ Glendale
79%
196,543 CA Glendale
79%
222,101 CA San Bernardino
79%
117,116 MT Billings
77%
76,831 AZ Flagstaff
77%
307,670 CA Irvine
77%
346,824 CA Anaheim
76%
310,227 CA Santa Ana
76%
88,665 CA Santa Barbara
74%
275,487 CA Chula Vista
73%
115,162 UT Provo
73%
65,132 WY Cheyenne
71%
218,464 CA Modesto
71%
320,804 CA Stockton
71%
190,915 WA Vancouver
71%
275,987 AZ Chandler
70%
180,587 AZ Tempe
70%
267,918 AZ Gilbert
69%
58,639 NV Carson City
68%
33,559 CA Bell
67%
108,250 CO Boulder
67%
230,504 CA Fremont
67%
87,321 UT Ogden
67%
169,810 CO Fort Collins
66%
55,605 WA Olympia
66%
95,548 AZ Yuma
66%
99,178 OR Bend
65%
124,321 CA Berkeley
65%
127,647 CA Santa Clara
65%
228,673 CA Santa Clarita
65%
198,711 CA Huntington Beach
64%
111,385 NM Las Cruces
64%
93,076 CA Santa Monica
64%
138,699 CA Pasadena
63%
32,091 MT Helena
62%
64,818 ID Idaho Falls
61%
62,956 CA Santa Cruz
60%
202,063 CA Oxnard
59%
32,515 AK Fairbanks
58%
139,911 CA Orange
58%
111,876 CO Pueblo
58%
178,127 CA Santa Rosa
57%
59,038 WY Casper
55%
44,575 CA Palm Springs
55%
48,422 NM Roswell
55%
100,200 ID Nampa
54%
140,230 UT West Valley City
54%
151,854 WA Bellevue
53%
32,255 AK Juneau
53%
93,611 CA Redding
53%
53,293 MT Bozeman
52%
73,489 MT Missoula
52%
174,453 CA Rancho Cucamonga
52%
95,342 UT St. George
52%
96,968 WA Yakima
52%
174,068 CA Oceanside
51%
175,265 CA Ontario
51%
163,542 CA Salinas
51%
105,661 CA San Mateo
51%
107,337 CA Burbank
50%
101,475 CA Chico
50%
110,629 WA Everett
50%
208,393 CA Fontana
50%
65,560 CO Grand Junction
50%
108,445 NV Sparks
50%
126,090 CA Vallejo
50%
116,961 UT West Jordan
50%
91,482 WA Bellingham
49%
208,634 CA Moreno Valley
49%
109,707 CA Santa Maria
49%
126,966 CA Thousand Oaks
49%
54,628 ID Coeur d'Alene
48%
136,588 WA Kent
48%
155,984 CO Lakewood
48%
82,496 CA Lakewood
48%
63,612 WA Lakewood
48%
173,516 CA Lancaster
48%
169,450 CA Palmdale
48%
143,148 AZ Surprise
48%
125,410 CA Concord
47%
95,294 AZ Goodyear
47%
162,954 CA Hayward
47%
102,976 WA Spokane Valley
47%
114,746 CA Carlsbad
46%
32,238 NM Carlsbad
46%
143,617 CA Fullerton
46%
79,246 CA Napa
46%
110,763 CA Ventura
46%
91,403 CA Chino
45%
176,124 CA Elk Grove
45%
151,038 CA Escondido
45%
108,795 CO Greeley
45%
117,635 ID Meridian
45%
151,713 CA Pomona
45%
104,026 NM Rio Rancho
45%
147,067 CA Torrance
45%
157,136 CA Corona
44%
107,762 CA Inglewood
44%
31,407 WY Laramie
44%
190,985 AZ Peoria
44%
35,257 AZ San Luis
44%
155,805 CA Sunnyvale
44%
141,384 CA Visalia
44%
68,572 CA Palo Alto
43%
97,494 OR Beaverton
42%
106,447 OR Hillsboro
42%
85,824 OR Medford
42%
30,218 CA Monterey
42%
98,129 UT Orem
42%
141,867 CO Thornton
42%
134,810 CA Victorville
42%
95,740 CA Compton
41%
124,402 CO Arvada
40%
57,144 AZ Lake Havasu City
40%
86,333 CA Merced
40%
120,124 CA Clovis
39%
38,567 NM Clovis
39%
26,512 CA Eureka
39%
60,442 MT Great Falls
39%
114,247 OR Gresham
39%
56,320 ID Pocatello
39%
116,317 CO Westminster
39%
90,911 CA Westminster
39%
66,850 CA Davis
38%
106,785 WA Renton
38%
116,448 CA Richmond
38%
47,063 CA San Luis Obispo
38%
51,807 ID Twin Falls
38%
126,356 CA Simi Valley
37%
91,502 AZ Buckeye
36%
34,494 MT Butte
36%
104,901 CA Daly City
36%
46,624 NM Farmington
36%
24,531 UT Farmington
36%
45,827 AZ Prescott
36%
73,256 WA Redmond
36%
33,274 OR Redmond
36%
102,386 CA Vacaville
36%
34,060 WA Walla Walla
36%
115,291 CA Antioch
35%
108,418 CO Centennial
35%
59,922 OR Corvallis
35%
106,215 CA El Cajon
35%
89,137 CA Indio
35%
147,773 CA Roseville
35%
61,851 OR Springfield
35%
78,280 CA Alameda
34%
87,256 WA Auburn
34%
101,030 WA Federal Way
34%
171,949 CA Garden Grove
34%
110,003 CA Temecula
34%
109,501 CA West Covina
34%
32,701 CA Beverly Hills
33%
119,881 CA Fairfield
33%
93,653 CA Mission Viejo
33%
110,949 CA Murrieta
32%
61,271 CA San Rafael
32%
83,921 WA Kennewick
31%
84,292 CA Redwood City
31%
91,008 CA San Leandro
31%
94,833 CA San Marcos
31%
66,105 CA South San Francisco
31%
114,355 CA Downey
30%
102,773 CA Norwalk
29%
104,026 CA Rialto
29%
70,117 CA Yuba City
29%
111,918 CA Costa Mesa
28%
92,175 WA Kirkland
28%
64,293 CA San Clemente
28%
89,334 AZ Avondale
27%
52,778 UT Logan
27%
33,403 WY Gillette
26%
89,833 CA Hemet
26%
105,053 CA Jurupa Valley
26%
58,125 AZ Maricopa
26%
85,239 CA Newport Beach
26%
77,487 UT South Jordan
26%
93,000 CA Tracy
26%
56,472 OR Albany
25%
78,411 CA Chino Hills
25%
99,818 CA Hesperia
25%
87,955 CA Livermore
25%
84,605 CA San Ramon
25%
75,791 CA Apple Valley
24%
98,885 CO Longmont
24%
82,376 CA Mountain View
24%
98,381 CA Vista
24%
109,450 CA El Monte
23%
25,435 ID Moscow
23%
73,168 CA Redlands
23%
23,946 CA San Fernando
23%
70,143 CA Union City
23%
82,868 CA Alhambra
22%
87,583 CA Citrus Heights
22%
76,378 CO Loveland
22%
102,527 CA Menifee
22%
78,700 CA Perris
22%
60,560 WA Richland
22%
79,190 CA Bellflower
21%
53,658 AZ Casa Grande
21%
49,757 CA Lincoln
21%
51,163 CA Palm Desert
21%
77,108 WA Pasco
21%
72,740 CA Turlock
21%
73,158 CO Castle Rock
20%
51,268 CA Covina
20%
44,322 CA El Centro
20%
80,454 CA Folsom
20%
88,083 CA Hawthorne
20%
75,907 UT Lehi
20%
83,498 CA Manteca
20%
80,273 CA Milpitas
20%
59,996 ID Caldwell
19%
85,858 CA Lake Forest
19%
81,773 UT Layton
19%
79,040 CA Upland
19%
27,993 UT Washington
19%
68,336 CA Yorba Linda
19%
25,415 CA Barstow
18%
53,036 CA Beaumont
18%
84,034 CA Buena Park
18%
24,558 MT Kalispell
18%
37,818 WA Longview
18%
32,901 WA Pullman
18%
45,308 AZ Sierra Vista
18%
68,875 CA Tulare
18%
74,112 CO Broomfield
17%
41,348 AZ Bullhead City
17%
41,941 CA Coachella
17%
60,381 CA Cupertino
17%
59,520 CA Gilroy
17%
39,189 OR Grants Pass
17%
56,999 CA Highland
17%
32,689 AZ Kingman
17%
40,732 OR Lake Oswego
17%
45,652 CO Littleton
17%
58,512 CO Parker
17%
79,871 CA Pleasanton
17%
79,332 CA Rancho Cordova
17%
71,576 CA Redondo Beach
17%
92,726 CA South Gate
17%
80,276 CA Tustin
17%
87,306 CA Whittier
17%
72,589 CA Dublin
16%
66,348 CA Lodi
16%
59,776 CA Petaluma
16%
46,785 AZ Prescott Valley
16%
43,908 CA San Bruno
16%
34,924 CA San Dimas
16%
39,568 CA San Gabriel
16%
35,757 CA West Hollywood
16%
43,505 WA Bremerton
15%
38,633 CA Calexico
15%
25,962 CA El Cerrito
15%
62,007 CA Encinitas
15%
40,508 NM Hobbs
15%
61,121 CA La Mesa
15%
34,203 ID Lewiston
15%
38,568 WA Lynnwood
15%
30,722 CA San Carlos
15%
32,127 CA San Pablo
15%
31,454 WA SeaTac
15%
61,032 CA Woodland
15%
38,499 AZ Apache Junction
14%
70,741 CA Camarillo
14%
40,779 CA Culver City
14%
66,224 CA Madera
14%
35,219 WA Mount Vernon
14%
37,572 OR Oregon City
14%
28,430 CA Walnut
14%
30,898 NM Alamogordo
13%
56,681 CA Arcadia
13%
72,176 CA Baldwin Park
13%
29,802 CO Fountain
13%
30,411 CO Lafayette
13%
25,391 CA Lafayette
13%
70,714 WA Marysville
13%
76,416 CA Pittsburg
13%
42,973 WA Puyallup
13%
59,519 AZ Queen Creek
13%
64,292 CA Brentwood
12%
62,418 CO Commerce City
12%
26,785 AZ Florence
12%
61,027 CA Gardena
12%
63,097 CA La Habra
12%
70,265 CA Lake Elsinore
12%
67,265 CA Lynwood
12%
35,506 CA Manhattan Beach
12%
54,539 OR Tigard
12%
51,493 CA Cathedral City
11%
37,266 CA Claremont
11%
48,008 CA La Mirada
11%
71,601 CA Rocklin
11%
26,777 UT South Salt Lake
11%
51,428 CA Delano
10%
30,346 ID Eagle
10%
52,558 CA Glendora
10%
54,883 CA Huntington Park
10%
39,376 OR Keizer
10%
53,526 WA Lacey
10%
67,455 WA Sammamish
10%
35,196 CA San Juan Capistrano
10%
60,037 CA Santee
10%
52,590 CA Watsonville
10%
50,000 CA Azusa
9%
45,762 UT Bountiful
9%
47,325 CA Brea
9%
33,107 CA Dana Point
9%
55,072 CA Diamond Bar
9%
30,034 CA East Palo Alto
9%
42,853 WA Edmonds
9%
37,287 CA Martinez
9%
25,748 WA Mercer Island
9%
62,623 CA Porterville
9%
39,409 ID Rexburg
9%
58,608 WA Shoreline
9%
42,602 UT Spanish Fork
9%
35,508 WA Wenatchee
9%
53,915 CA West Sacramento
9%
39,501 CA Bell Gardens
8%
57,990 CA Hanford
8%
41,678 CA Hollister
8%
40,051 WA Issaquah
8%
64,355 CA Laguna Niguel
8%
33,780 CA Menlo Park
8%
47,529 CA Newark
8%
53,225 CA Novato
8%
62,088 CA Pico Rivera
8%
38,485 ID Post Falls
8%
48,841 CA Poway
8%
45,285 UT Riverton
8%
23,526 WY Rock Springs
8%
23,683 OR Roseburg
8%
53,898 CA San Jacinto
8%
60,448 UT Taylorsville
8%
70,127 CA Walnut Creek
8%
52,176 CA Aliso Viejo
7%
33,337 UT American Fork
7%
23,241 CA Calabasas
7%
35,235 UT Cedar City
7%
49,578 CA Cerritos
7%
53,909 CA Colton
7%
43,582 CA Danville
7%
26,016 CA Hercules
7%
61,096 CA Monterey Park
7%
45,483 CA Morgan Hill
7%
56,173 CA National City
7%
53,733 CA Paramount
7%
30,657 CA Santa Paula
7%
31,051 CA Saratoga
7%
25,242 CA Seal Beach
7%
32,366 CA Seaside
7%
40,083 CO Brighton
6%
52,066 WA Burien
6%
31,386 CA Burlingame
6%
23,386 UT Clinton
6%
32,888 WA Des Moines
6%
43,623 UT Eagle Mountain
6%
69,757 CA Eastvale
6%
30,038 CO Erie
6%
55,144 UT Herriman
6%
31,374 CA Laguna Hills
6%
31,334 CA La Verne
6%
24,791 CA Loma Linda
6%
44,444 CA Lompoc
6%
33,529 CA Los Gatos
6%
51,908 AZ Marana
6%
34,319 OR McMinnville
6%
63,380 UT Millcreek
6%
25,138 OR Newberg
6%
38,131 CO Northglenn
6%
47,070 AZ Oro Valley
6%
23,781 CA Patterson
6%
51,824 CA Placentia
6%
42,287 CA Rancho Palos Verdes
6%
51,185 CA Rosemead
6%
28,065 CA Twentynine Palms
6%
26,013 OR Woodburn
6%
54,542 CA Yucaipa
6%
29,773 CA Atascadero
5%
31,970 CA Atwater
5%
26,416 CA Brawley
5%
43,959 CA Campbell
5%
49,302 CA Ceres
5%
50,151 CA Cypress
5%
32,512 CA Desert Hot Springs
5%
51,017 UT Draper
5%
57,047 CA Fountain Valley
5%
26,137 CA Imperial Beach
5%
38,062 CA La Puente
5%
37,558 CA La Quinta
5%
31,807 CA Lawndale
5%
31,625 CA Los Altos
5%
37,931 CA Monrovia
5%
25,146 WA Moses Lake
5%
43,357 CA Oakley
5%
38,640 CA Pacifica
5%
27,959 CA Ridgecrest
5%
39,306 UT Roy
5%
26,943 CA South Pasadena
5%
37,962 CA Stanton
5%
35,742 UT Tooele
5%
32,716 CO Windsor
5%
26,344 CA Windsor
5%
28,335 CA Belmont
4%
48,161 WA Bothell
4%
26,065 WA Camas
4%
33,617 UT Cottonwood Heights
4%
33,659 CO Englewood
4%
33,805 CA Foster City
4%
23,733 OR Happy Valley
4%
45,532 CA Los Banos
4%
37,865 CA Montclair
4%
62,640 CA Montebello
4%
26,316 CA Norco
4%
31,490 CA Paso Robles
4%
44,390 CA Rohnert Park
4%
37,696 UT Saratoga Springs
4%
24,674 CA Selma
4%
32,141 UT Syracuse
4%
27,942 OR Tualatin
4%
27,373 OR West Linn
4%
36,875 CA Wildomar
4%
26,664 OR Wilsonville
4%
29,505 CA Banning
3%
27,131 CA Benicia
3%
35,805 AZ El Mirage
3%
25,383 CA Galt
3%
32,690 CA Goleta
3%
23,914 WA Kenmore
3%
24,011 ID Kuna
3%
35,630 WA Lake Stevens
3%
27,627 CA Lemon Grove
3%
28,013 WA Maple Valley
3%
36,028 UT Midvale
3%
50,637 UT Murray
3%
34,613 CA Pleasant Hill
3%
47,949 CA Rancho Santa Margarita
3%
25,227 CA Reedley
3%
29,518 CA Suisun City
3%
25,350 WA Tumwater
3%
34,866 WA University Place
3%
24,825 WA Bainbridge Island
2%
24,563 CA Dinuba
2%
26,225 OR Forest Grove
2%
23,820 AZ Fountain Hills
2%
32,945 UT Kaysville
2%
28,701 CA Lathrop
2%
27,038 CA Lemoore
2%
25,138 CA Maywood
2%
23,216 CA Millbrae
2%
36,284 CA Moorpark
2%
24,622 WA Oak Harbor
2%
24,865 CA Riverbank
2%
34,134 AZ Sahuarita
2%
26,617 CA Sanger
2%
24,925 CA Soledad
2%
35,268 UT Springville
2%
36,494 CA Temple City
2%
27,047 CA Wasco
2%
38,046 CA Adelanto
1%
31,909 UT Clearfield
1%
31,965 UT Holladay
1%
37,726 UT Pleasant Grove
1%
32,398 CO Wheat Ridge
1%
No matching quizzes found
Score Distribution
Percent of People with Each Score
Percentile by Number Answered
Your Score History
You have not taken this quiz